000 00664namaa2200217 i 4500
001 173715
003 ES-MaACL
005 20230906215325.0
008 100113s2009 sp | |||| ||spa d
020 _a978-84-966606-52-4
040 _aSpMaBN
_bspa
_cSpMaBN
_erdc
080 _a821.134.2-14"19"
100 1 _aBarbero Puente, Miguel Angel.
_9141913
245 1 4 _aLos caballos de Aquiles
_b: (tríptico del exilio) /
_cMiguel Ángel Barbero Puente.
260 _aBurgos :
_bDossoles,
_c[2009]
300 _a310 p. ;
_c20 cm.
490 1 _aDossoles. Poesía
830 0 _aDossoles. Poesía
_9223591
852 _aES-MaACL
_jL-8730
999 _c173715
_d173715